Statistics for Christmas Trivia #1

Click here to take the quiz!

General Stats

  • This quiz has been taken 86,124 times
    (39,905 since last reset)
  • The average score is 15 of 22

Answer Stats

QuestionAnswer% Correct
Where does Santa live - according to Americans?The North Pole
97%
Who is the red-nosed reindeer?Rudolph
96%
Who tried to steal Christmas?The Grinch
96%
Who was Jesus's mother?Mary
93%
What type of plant do people kiss underneath?Mistletoe
93%
What town was Jesus born in?Bethlehem
89%
Which saint is Santa Claus based on?St. Nicholas
88%
What does Santa bring to naughty children on Christmas?Coal
82%
What type of calendar is used to count the days until Christmas?{Advent} calendar
79%
What Tchaikovsky ballet is commonly performed around Christmas?The Nutcracker
79%
What is the Spanish version of "Merry Christmas"?Feliz Navidad
76%
What is Scrooge's first name?Ebenezer
74%
What was the baby Jesus laid in due to the lack of a crib?Manger
71%
What is the English translation of "O, Tannenbaum"?O, Christmas Tree
58%
Who is the British version of Santa Claus?Father Christmas
53%
Where does Santa live - according to many Europeans?Lapland
52%
How many gifts are given on the 12th day of Christmas?
(note: you have to give ALL the gifts)
78
48%
Who said, "God Bless us, every one"?Tiny Tim
45%
What four-letter word refers to the three wise men or three kings?Magi
42%
On the night before Christmas, visions of what danced in the children's heads?Sugar plums
40%
Who wrote the song "White Christmas"?Irving Berlin
22%
In the phrase "and to you your wassail too", what is a wassail?Beverage
21%

Score Distribution

Percentile by Number Answered

Percent of People with Each Score

Your Score History

You have not taken this quiz since the last reset